| 000 | 00728cam a2200205 4500 | ||
|---|---|---|---|
| 001 | BFIL009596 | ||
| 008 | 1950 spa | ||
| 035 | _aBFIL009596 | ||
| 050 | 4 |
_aPQ6171 _bR65 1950 |
|
| 245 | 0 |
_aRomancero y cancionero sagrados : colección de poesías cristianas, morales y divinas ; desde la formación del lenguaje hasta nuestros días / _cJusto de Sancha, comp.. |
|
| 260 |
_aMadrid : _bAtlas, _c1950 |
||
| 300 |
_avii, 568 p. ; _c27 cm. |
||
| 440 | 0 | _aBiblioteca de Autores Españoles | |
| 500 | _a1 ejem. | ||
| 504 | _aIncluye bibliografía e índice | ||
| 650 | 4 | _aPosia Española (colecc.) | |
| 650 | 4 | _aPoesia Religiosa Española | |
| 700 | 1 |
_aSancha, Justo de, _ecomp. |
|
| 942 |
_2lcc _cLIB |
||
| 999 |
_c126053 _d126053 |
||